| 000 | 00672nam a2200229 a 4500 | ||
|---|---|---|---|
| 001 | BRCA_7799 | ||
| 005 | 20190320210012.0 | ||
| 008 | 011013s1958----sz-ae#####---#000-0#fre-# | ||
| 041 | _afre | ||
| 044 | _asz | ||
| 050 | 4 |
_aNK4370 _b.F35 1958 |
|
| 245 | 1 | 0 |
_aFaiences et porcelaines _cMusee Ariana. |
| 260 |
_aGinebra _bMusee d´Art et d´Histoire _c1958 |
||
| 300 |
_a30 p. _bil., planos _c21 cm. |
||
| 440 | 0 |
_aMusee d´art et d´Histoire (Ginebra) _pGuides illustres _v5 _919319 |
|
| 500 | _aX62 | ||
| 650 | 1 | 4 |
_aPorcelana _vCatálogos _919320 |
| 650 | 1 | 4 |
_aGalerías y museos _zSuiza _910728 |
| 710 | 2 |
_aMusee Ariana (Ginebra) _919321 |
|
| 902 | _aGFM | ||
| 942 |
_2lcc _cB |
||
| 999 |
_c7473 _d7473 |
||